Historia interna documentada de la Compañía de Jesús / (Record no. 104651)

MARC details
000 -LEADER
campo de control de longitud fija 00867nam a2200241 i 4500
001 - NÚMERO DE CONTROL
campo de control 104651
003 - IDENTIFICADOR DE NÚMERO DE CONTROL
campo de control ES-MaACL
005 - FECHA Y HORA DE LA ÚLTIMA TRANSACCIÓN
campo de control 20251106133328.0
007 - CAMPO FIJO DE DESCRIPCIÓN FÍSICA--INFORMACIÓN GENERAL
campo de control de longitud fija t|
008 - DATOS DE LONGITUD FIJA--INFORMACIÓN GENERAL
campo de control de longitud fija 051207s1913 sp ||||1| spa d
100 1# - ENTRADA PRINCIPAL--NOMBRE DE PERSONA
Nombre de persona Mir, Miguel (
Fechas asociadas al nombre 1841-1912)
9 (RLIN) 81426
245 10 - MENCIÓN DEL TÍTULO
Título Historia interna documentada de la Compañía de Jesús /
Mención de responsabilidad, etc. Miguel Mir.
260 ## - PUBLICACIÓN, DISTRIBUCIÓN, ETC.
Lugar de publicación, distribución, etc. Madrid :
Nombre del editor, distribuidor, etc. [s.n.],
Fecha de publicación, distribución, etc. 1913 (
Fabricante Imp. de Jaime Ratés Martín)
300 ## - DESCRIPCIÓN FÍSICA
Extensión 2 v. ;
Dimensiones 23 cm.
530 ## - NOTA DISPONIBLE DE FORMULARIO FÍSICO ADICIONAL
Nota de formato físico adicional disponible Disponible en formato digital.
610 24 - PUNTO DE ACCESO ADICIONAL DE MATERIA--NOMBRE DE ENTIDAD CORPORATIVA
Nombre de entidad corporativa o nombre de jurisdicción como elemento de entrada Jesuitas-
Subdivisión general Historia
9 (RLIN) 5353
852 ## - LOCALIZACIÓN
Ubicación ES-MaACL
Número de control de estantería F-1580-81
Ubicación en estantería Depósito 2
852 ## - LOCALIZACIÓN
Ubicación ES-MaACL
Número de control de estantería C-28901-02
Ubicación en estantería Depósito 2
856 4# - LOCALIZACIÓN Y ACCESO ELECTRÓNICOS
Identificador Uniforme de Recursos <a href="https://archive.org/details/historiainternad01mirm ">https://archive.org/details/historiainternad01mirm </a>
Nota pública (V. 1)
Texto de enlace (Internet Archive)
856 4# - LOCALIZACIÓN Y ACCESO ELECTRÓNICOS
Identificador Uniforme de Recursos <a href="https://archive.org/details/historiainternad02mirm ">https://archive.org/details/historiainternad02mirm </a>
Nota pública (V. 2)
Texto de enlace (Internet Archive)
942 ## - ELEMENTOS DE ENTRADA SECUNDARIOS (KOHA)
Fuente del sistema de clasificación o colocación Clasificación decimal universal
Holdings
Estatus retirado Estado de pérdida Estado de daño No para préstamo Colección Biblioteca de origen Biblioteca actual Ubicación en estantería Fecha de adquisición Fuente de adquisición Total de préstamos Signatura topográfica completa Código de barras Visto por última vez Precio de reemplazo Tipo de ítem Koha
        Colección digital Biblioteca del Ateneo de Madrid Biblioteca del Ateneo de Madrid Depósito 2 17/01/2008     C-28901-02 1109261 23/02/2023 23/02/2023 Libro impreso
        Colección digital Biblioteca del Ateneo de Madrid Biblioteca del Ateneo de Madrid Sala Pecera Planta 2 17/01/2008     F-1580-81 1109260 23/02/2023 23/02/2023 Libro impreso